MAASAI MARA UNIVERSITY

LIBRARY CATALOGUE

Contact Us: +254 020 2685356/7 or 0774 057787

Box: 861-20500, NAROK, KENYA

Email: info@mmarau.ac.ke

Revenge is never sweet / (Record no. 33366)

MARC details
000 -LEADER
fixed length control field 00715cam a22002417i 4500
001 - CONTROL NUMBER
control field 23336076
003 - CONTROL NUMBER IDENTIFIER
control field OSt
005 - DATE AND TIME OF LATEST TRANSACTION
control field 20250219111410.0
008 - FIXED-LENGTH DATA ELEMENTS--GENERAL INFORMATION
fixed length control field 230929s2023 ke 000 1 eng
010 ## - LIBRARY OF CONGRESS CONTROL NUMBER
LC control number 2023320964
020 ## - INTERNATIONAL STANDARD BOOK NUMBER
International Standard Book Number 9789966141835
040 ## - CATALOGING SOURCE
Original cataloging agency MMARA-U
Language of cataloging eng
Description conventions MMARA-U
Transcribing agency MMARA-U
050 ## - LIBRARY OF CONGRESS CALL NUMBER
Classification number FIC PQ3206 .R88 2023
100 1# - MAIN ENTRY--PERSONAL NAME
Personal name Ruturi, Amos M.,
Relator term author.
9 (RLIN) 2572
245 10 - TITLE STATEMENT
Title Revenge is never sweet /
Statement of responsibility, etc. Amos Ruturi.
264 #1 - PRODUCTION, PUBLICATION, DISTRIBUTION, MANUFACTURE, AND COPYRIGHT NOTICE
Place of production, publication, distribution, manufacture Nairobi, Kenya :
Name of producer, publisher, distributor, manufacturer Queenex Publishers Limited,
Date of production, publication, distribution, manufacture, or copyright notice 2023.
300 ## - PHYSICAL DESCRIPTION
Extent 110 pages ;
Dimensions 18 cm
336 ## - CONTENT TYPE
Content type term text
Content type code txt
Source rdacontent
337 ## - MEDIA TYPE
Media type term unmediated
Media type code n
Source rdamedia
338 ## - CARRIER TYPE
Carrier type term volume
Carrier type code nc
Source rdacarrier
650 ## - SUBJECT ADDED ENTRY--TOPICAL TERM
Topical term or geographic name as entry element Revenge is never sweet
9 (RLIN) 2573
942 ## - ADDED ENTRY ELEMENTS (KOHA)
Source of classification or shelving scheme Library of Congress Classification
Koha item type fiction
Holdings
Withdrawn status Lost status Source of classification or shelving scheme Damaged status Not for loan Home library Current library Date acquired Source of acquisition Cost, normal purchase price Total Checkouts Full call number Barcode Date last seen Price effective from Koha item type Date last checked out
    Library of Congress Classification     Maasai Mara University Library -Main Campus Maasai Mara University Library -Main Campus 02/19/2025 Donation 301.72   FIC PQ3206 .R88 2023 24040590 02/19/2025 02/19/2025 fiction  
    Library of Congress Classification     Maasai Mara University Library -Main Campus Maasai Mara University Library -Main Campus 02/19/2025 Donation 301.72   FIC PQ3206 .R88 2023 24040589 02/19/2025 02/19/2025 fiction  
    Library of Congress Classification     Maasai Mara University Library -Main Campus Maasai Mara University Library -Main Campus 02/19/2025 Donation 301.72 2 FIC PQ3206 .R88 2023 24040591 03/11/2026 02/19/2025 fiction 02/17/2026
© 2016 Maasai Mara University.